[Event "Titled Tue 24th Jun Early"]
[Site "chess.com INT"]
[Date "2025.06.24"]
[Round "4"]
[White "Rieger, Robert"]
[Black "Caruana, Fabiano"]
[Result "0-1"]
[WhiteTitle "FM"]
[BlackTitle "GM"]
[WhiteElo "2334"]
[BlackElo "2777"]
[WhiteFideId "1625527"]
[BlackFideId "2020009"]
[EventDate "2025.06.24"]

1. e4 e6 2. d4 d5 3. Nc3 Nc6 4. Nf3 Nf6 5. Bd3 Nb4 6. O-O Nxd3 7. Qxd3 Be7 8.
Re1 O-O 9. exd5 exd5 10. Ne5 c6 11. Bg5 h6 12. Bxf6 Bxf6 13. Re2 g6 14. Rae1 Bf5
15. Qd2 h5 16. Nd1 Bg5 17. f4 Bh6 18. Nf2 Qd6 19. c3 Rae8 20. g3 Re7 21. Nf3
Rfe8 22. Rxe7 Rxe7 23. Rxe7 Qxe7 24. Qe1 Qxe1+ 25. Nxe1 g5 26. Nfd3 Kf8 27. Kf2
Ke7 28. Ke3 f6 29. h4 gxh4 30. gxh4 b6 31. Nf2 c5 32. Nf3 Ke6 33. Nh1 Bg6 34.
Ng3 Be8 35. Ne1 a5 36. a3 Bg6 37. Nf3 Kd6 38. Ne1 a4 39. Kf3 Kc6 40. f5 Be8 41.
Nd3 Kb5 42. Nf4 Bxf4 43. Kxf4 Kc4 44. dxc5 bxc5 45. Ke3 Kb3 46. Kd2 Kxb2 47. Ne2
Kxa3 48. Nf4 Kb2 49. Nd3+ Kb1 50. Nxc5 a3 51. Kd3 a2 52. Nb3 Ba4 53. Nd2+ Kc1 0-1

[Event "Titled Tue 24th Jun Early"]
[Site "chess.com INT"]
[Date "2025.06.24"]
[Round "4"]
[White "Filippova, Margarita"]
[Black "Karttunen, Mika"]
[Result "0-1"]
[WhiteTitle "WFM"]
[BlackTitle "IM"]
[WhiteElo "2026"]
[BlackElo "2490"]
[WhiteFideId "34199680"]
[BlackFideId "502081"]
[EventDate "2025.06.24"]

1. e4 c5 2. c3 d5 3. exd5 Qxd5 4. d4 Nf6 5. Nf3 Nc6 6. dxc5 Qxc5 7. Na3 a6 8.
Be3 Qd5 9. Nc4 Qxd1+ 10. Rxd1 Bg4 11. Be2 e6 12. h3 Bf5 13. Nd4 Be4 14. f3 Nxd4
15. Bxd4 Bc6 16. Ne5 Rc8 17. Nxc6 Rxc6 18. c4 Bb4+ 19. Kf2 Bc5 20. Bxc5 Rxc5 21.
b4 Rc7 22. a4 a5 23. bxa5 Ke7 24. Rb1 Nd7 25. Rb5 Nc5 26. Rhb1 Rd8 27. Ke3 e5
28. Rb6 f5 29. R1b2 f4+ 30. Kf2 Rd4 31. R6b5 Kd7 32. Ke1 Kc8 33. R2b4 Kd7 34. h4
Ke7 35. Rb6 Kf7 36. R4b5 g6 37. Rxc5 Rxc5 38. Rxb7+ Ke6 39. a6 Ra5 40. a7 h5 41.
Bd1 Kd6 42. Bb3 Kc6 43. Rg7 Kc5 44. Rc7+ Kb6 45. Rg7 Rd6 46. Re7 Rc6 47. Rxe5
Rxe5+ 48. Kd2 Kxa7 49. Kc3 Rd6 50. Kb4 Kb6 51. c5+ Rxc5 52. a5+ Rxa5 0-1

[Event "Titled Tue 24th Jun Early"]
[Site "chess.com INT"]
[Date "2025.06.24"]
[Round "4"]
[White "Roebers, Jan"]
[Black "Veiga, Jose Francisco R P Neves"]
[Result "1/2-1/2"]
[WhiteTitle "FM"]
[BlackTitle "IM"]
[WhiteElo "2056"]
[BlackElo "2390"]
[WhiteFideId "1007815"]
[BlackFideId "1930087"]
[EventDate "2025.06.24"]

1. e4 c5 2. d4 cxd4 3. c3 Nf6 4. e5 Nd5 5. cxd4 d6 6. exd6 e6 7. Nc3 Bxd6 8.
Nxd5 exd5 9. Nf3 O-O 10. Be2 Nc6 11. O-O Bg4 12. h3 Bh5 13. Bg5 Qb6 14. Qd2 Rfe8
15. Rfe1 Re4 16. Be3 Rae8 17. Ng5 Bb4 18. Qc2 Bg6 19. Nxe4 Bxe4 20. Qb3 Bxe1 21.
Rxe1 Nxd4 22. Qxb6 Nxe2+ 23. Rxe2 axb6 24. Bxb6 Ra8 25. a4 f6 26. a5 Kf7 27. f3
Bd3 28. Re3 Bc4 29. b3 Bb5 30. Bc5 Re8 31. Rxe8 Kxe8 32. Kf2 Kf7 33. h4 Ba6 34.
Ke3 Bb5 35. h5 g6 36. hxg6+ hxg6 37. g4 Ba6 38. f4 Ke6 39. Kd4 f5 40. g5 Be2 41.
b4 Bf1 42. Bb6 Be2 43. Bc5 Bf1 44. Bb6 Be2 45. Bc5 1/2-1/2

[Event "Titled Tue 24th Jun Early"]
[Site "chess.com INT"]
[Date "2025.06.24"]
[Round "4"]
[White "Miserendino, Alfredo"]
[Black "Fichter, Fabian"]
[Result "0-1"]
[BlackTitle "FM"]
[WhiteElo "2032"]
[BlackElo "2235"]
[WhiteFideId "101800"]
[BlackFideId "24613258"]
[EventDate "2025.06.24"]

1. e4 d5 2. exd5 Qxd5 3. Nc3 Qd6 4. d4 Nf6 5. Nf3 a6 6. Bc4 Bg4 7. O-O e6 8. Bg5
Nc6 9. Be2 O-O-O 10. Be3 Bxf3 11. Bxf3 Nxd4 12. Bxd4 Qxd4 13. Qe2 Be7 14. a3 Qb6
15. b4 Rd4 16. Nd1 Rhd8 17. Ne3 Rd2 18. Qe1 Qb5 19. c4 Qg5 20. c5 c6 21. Nc4
R2d4 22. Nb6+ Kb8 23. Rb1 Nd5 24. Bxd5 exd5 25. a4 Re4 26. Qc3 Bf6 27. Qc2 Be5
28. b5 Bxh2+ 29. Kxh2 Rh4+ 30. Kg1 Qh5 31. f3 Re8 32. Kf2 Rh2 33. Rfe1 Qh4+ 0-1

[Event "Titled Tue 24th Jun Early"]
[Site "chess.com INT"]
[Date "2025.06.24"]
[Round "4"]
[White "Newansa, M Esandi"]
[Black "Lloret Ramis, Juan Jose"]
[Result "1-0"]
[WhiteTitle "WCM"]
[BlackTitle "FM"]
[WhiteElo "1945"]
[BlackElo "2019"]
[WhiteFideId "9999060"]
[BlackFideId "2204053"]
[EventDate "2025.06.24"]

1. d4 d5 2. Bf4 e6 3. e3 Bd6 4. Nd2 Nf6 5. Ngf3 O-O 6. Bg3 c5 7. c3 Qc7 8. Bxd6
Qxd6 9. Ne5 Nc6 10. f4 Nd7 11. Bd3 Ndxe5 12. fxe5 Qe7 13. O-O f6 14. Qh5 g6 15.
exf6 Rxf6 16. Qh6 Bd7 17. Nf3 Raf8 18. Rfe1 e5 19. dxe5 Nxe5 20. Nxe5 Qxe5 21.
e4 d4 22. Qd2 Be6 23. Re2 c4 24. Bb1 d3 25. Re1 Qxe4 26. Bc2 Qd5 27. Ba4 Qc5+
28. Re3 Bd5 29. b4 Qd6 30. Rae1 Rf2 31. Qxf2 Rxf2 32. Kxf2 Qxh2 33. Re8+ Kg7 34.
Rg1 Qf4+ 35. Ke1 Qc1+ 36. Kf2 Qxc3 37. Re7+ Kf6 38. Re3 Qd4 39. Rd1 Be4 40. Bb5
Bd5 41. g3 a6 42. Ba4 b5 43. Bc2 dxc2 44. Rxd4 c1=Q 45. Rxd5 Qc2+ 46. Kf3 Qxa2
47. Rd6+ Kg7 48. Rd7+ Kh6 49. Ree7 1-0

[Event "Titled Tue 24th Jun Early"]
[Site "chess.com INT"]
[Date "2025.06.24"]
[Round "4"]
[White "Klekowski, Maciej"]
[Black "Puzyrevsky, Semyon"]
[Result "0-1"]
[WhiteTitle "GM"]
[BlackTitle "FM"]
[WhiteElo "2474"]
[BlackElo "2292"]
[WhiteFideId "1132717"]
[BlackFideId "24240931"]
[EventDate "2025.06.24"]

1. c4 c6 2. Nf3 Nf6 3. e3 d5 4. b3 g6 5. Bb2 Bg7 6. Nc3 O-O 7. Be2 Nbd7 8. O-O
e5 9. cxd5 cxd5 10. d4 e4 11. Nd2 a6 12. a4 Re8 13. b4 b6 14. b5 a5 15. Qb3 Bb7
16. Ba3 Rc8 17. Rac1 Bf8 18. Bxf8 Nxf8 19. Rfe1 h5 20. Bf1 Qd6 21. h3 Ne6 22.
Ne2 Ng7 23. Rxc8 Rxc8 24. Rc1 Rxc1 25. Nxc1 Qc7 26. Ne2 Nf5 27. Qc3 Qxc3 28.
Nxc3 Kf8 29. Be2 Ke7 30. g4 hxg4 31. hxg4 Nd6 32. Kg2 g5 33. Kg3 Ke6 34. f3 exf3
35. Bxf3 Nde4+ 36. Bxe4 Nxe4+ 37. Ncxe4 dxe4 38. Kf2 Kd5 39. Kg2 Bc8 40. Kg3 f5
41. gxf5 Bxf5 42. Kf2 Bg4 43. Ke1 Bh5 44. Nb1 Kc4 45. Kd2 g4 46. Nc3 g3 47. Ne2
Bxe2 48. Kxe2 Kb4 49. d5 Kc5 50. Kf1 Kxd5 51. Kg2 Kc4 52. Kxg3 Kc3 53. Kg4 Kd2
54. Kf4 Kd3 55. Ke5 Kxe3 56. Kd6 0-1

[Event "Titled Tue 24th Jun Early"]
[Site "chess.com INT"]
[Date "2025.06.24"]
[Round "4"]
[White "Atanasov, Anthony"]
[Black "King, Alexander"]
[Result "1-0"]
[WhiteTitle "IM"]
[BlackTitle "FM"]
[WhiteElo "2417"]
[BlackElo "2263"]
[WhiteFideId "2623897"]
[BlackFideId "2063620"]
[EventDate "2025.06.24"]

1. d4 d5 2. Bf4 Nf6 3. e3 c5 4. Nf3 Nc6 5. Nbd2 e6 6. c3 Nh5 7. Bg3 Nxg3 8. hxg3
Bd7 9. a3 cxd4 10. exd4 Bd6 11. Bd3 h6 12. Qe2 Qc7 13. O-O O-O 14. Rfe1 f6 15.
c4 dxc4 16. Bxc4 Rfe8 17. Rac1 Qb6 18. Qd3 Na5 19. Qg6 Nxc4 20. Nxc4 Qa6 21.
Nxd6 Qxd6 22. Re4 Bc6 23. Rg4 Qd7 24. Qxf6 e5 25. Qh4 Bxf3 26. gxf3 Rac8 27.
Rxc8 Qxc8 28. dxe5 Rxe5 29. Qf6 Qc7 30. Qg6 Qe7 31. Qxh6 Re1+ 32. Kg2 Re6 33.
Rxg7+ Kf8 34. Qh8# 1-0

[Event "Titled Tue 24th Jun Early"]
[Site "chess.com INT"]
[Date "2025.06.24"]
[Round "4"]
[White "Elsness, Frode"]
[Black "Gajic, Mladen"]
[Result "0-1"]
[WhiteTitle "IM"]
[BlackTitle "FM"]
[WhiteElo "2416"]
[BlackElo "2246"]
[WhiteFideId "1501100"]
[BlackFideId "1709178"]
[EventDate "2025.06.24"]

1. e4 g6 2. d4 Bg7 3. c3 d6 4. Bd3 Nf6 5. Nf3 O-O 6. O-O Nc6 7. d5 Nb8 8. h3 c6
9. c4 Nbd7 10. Be3 a5 11. Nc3 Ne8 12. Bd4 Bxd4 13. Nxd4 Qb6 14. Bc2 Nc5 15. b3
Nc7 16. Kh1 N7a6 17. f4 Nb4 18. f5 Nxc2 19. Nxc2 Nd7 20. Ne1 Qb4 21. Qd2 Ne5 22.
Nd3 Nxd3 23. Qxd3 Bd7 24. Na4 cxd5 25. exd5 Bxa4 26. bxa4 Rac8 27. f6 exf6 28.
Rxf6 Rxc4 29. Rxd6 Rd4 30. Qg3 Re8 31. Rf1 Qxa4 32. Qf2 Rf8 33. Rf6 Rd1 34. Rxf7
Rxf1+ 35. Qxf1 Rxf7 36. Qc1 Qd7 0-1

[Event "Titled Tue 24th Jun Early"]
[Site "chess.com INT"]
[Date "2025.06.24"]
[Round "4"]
[White "Grot, Blazej"]
[Black "Ben Ari, Yannay"]
[Result "0-1"]
[WhiteTitle "CM"]
[BlackTitle "IM"]
[WhiteElo "2187"]
[BlackElo "2450"]
[WhiteFideId "21835845"]
[BlackFideId "2815222"]
[EventDate "2025.06.24"]

1. e4 a6 2. Nf3 c6 3. d4 d5 4. e5 Bg4 5. Be2 e6 6. O-O c5 7. c3 Nc6 8. Nbd2 Nge7
9. h3 Bh5 10. dxc5 Qc7 11. b4 Bxf3 12. Nxf3 Ng6 13. Re1 Be7 14. Bf1 O-O 15. Bb2
Ncxe5 16. Nxe5 Nxe5 17. c4 Nxc4 18. Bxc4 dxc4 19. Qg4 g6 20. Qd4 e5 21. Qxc4 Bf6
22. Rad1 Rad8 23. Rxd8 Rxd8 24. f4 Rd2 25. Bxe5 Bxe5 26. fxe5 Qc6 27. Qe4 Qxe4
28. Rxe4 Rxa2 29. Rd4 Rb2 30. Rd8+ Kg7 31. Rd7 Rxb4 32. e6 Kf6 33. exf7 Kg7 34.
Kf2 a5 35. Kg3 a4 36. Kh2 a3 37. Rd3 Ra4 38. Rf3 Kf8 39. Rf1 a2 40. Ra1 Kxf7 41.
Kg3 Ke6 42. Kf3 Kd5 43. Ke3 0-1

[Event "Titled Tue 24th Jun Early"]
[Site "chess.com INT"]
[Date "2025.06.24"]
[Round "4"]
[White "Gu, Xiaobing"]
[Black "Mizzi, Jack"]
[Result "0-1"]
[WhiteTitle "WGM"]
[BlackTitle "CM"]
[WhiteElo "2148"]
[BlackElo "2107"]
[WhiteFideId "8602611"]
[BlackFideId "5602521"]
[EventDate "2025.06.24"]

1. e4 c6 2. d4 d5 3. exd5 cxd5 4. c4 e6 5. Nc3 Nc6 6. Nf3 Nf6 7. c5 Ne4 8. Qd3
f5 9. Qc2 Bd7 10. Bb5 Nb4 11. Qb3 a5 12. Bxd7+ Qxd7 13. Ne5 Qc7 14. Qa4+ Nc6 15.
Nb5 Qb8 16. Bf4 g5 17. Nd6+ Bxd6 18. Nxc6 bxc6 19. Qxc6+ Kf7 20. Qd7+ Kf6 21.
cxd6 Qb4+ 22. Kf1 gxf4 23. Qe7+ Kg6 24. Qxe6+ Nf6 25. h4 Rhe8 26. h5+ Kg7 27.
Qxf5 Qxd4 28. h6+ Kh8 29. Rh4 Qxb2 30. Rd1 Qe2+ 31. Kg1 Qxd1+ 32. Kh2 Rf8 33.
Rxf4 Qh5+ 0-1

[Event "Titled Tue 24th Jun Early"]
[Site "chess.com INT"]
[Date "2025.06.24"]
[Round "4"]
[White "Murawski, Jan"]
[Black "Radchenko, Alexey"]
[Result "0-1"]
[WhiteTitle "CM"]
[BlackTitle "FM"]
[WhiteElo "2164"]
[BlackElo "2290"]
[WhiteFideId "21009287"]
[BlackFideId "4192362"]
[EventDate "2025.06.24"]

1. c4 c6 2. Nc3 d5 3. d4 Nf6 4. Nf3 g6 5. cxd5 cxd5 6. Bf4 Bg7 7. h3 Nc6 8. e3
O-O 9. Bd3 Bf5 10. O-O a6 11. Rc1 h5 12. Na4 Ne4 13. Bxe4 dxe4 14. Nd2 Nb4 15.
Nc5 b6 16. Ncxe4 Nxa2 17. Ra1 Nb4 18. Qb3 a5 19. Rfc1 Rc8 20. Rxc8 Qxc8 21. Nc3
Bc2 22. Qc4 Qb7 23. Qc7 Qa6 24. Qc4 Qb7 25. Qc7 Qa6 26. Qxe7 Nd3 27. Bd6 Nxb2
28. Nd5 b5 29. Be5 Qe6 30. Bxg7 Kxg7 31. Qxe6 fxe6 32. Nc7 Rc8 33. Nxe6+ Kf6 34.
Nc5 a4 35. Rc1 Bf5 36. Nce4+ Ke7 37. Rxc8 Bxc8 0-1

[Event "Titled Tue 24th Jun Early"]
[Site "chess.com INT"]
[Date "2025.06.24"]
[Round "4"]
[White "Frempong-Smart Daniel"]
[Black "Calvo Gonzalez, Jose Felix"]
[Result "0-1"]
[WhiteTitle "CM"]
[BlackTitle "CM"]
[WhiteElo "1841"]
[BlackElo "2168"]
[WhiteFideId "12601659"]
[BlackFideId "54505615"]
[EventDate "2025.06.24"]

1. d4 Nf6 2. c4 g6 3. Nc3 d5 4. cxd5 Nxd5 5. Bd2 Bg7 6. e4 Nb6 7. Be3 O-O 8. Qd2
Nc6 9. Nf3 e5 10. dxe5 Nxe5 11. Nxe5 Bxe5 12. Qxd8 Rxd8 13. Rc1 Be6 14. b3 c6
15. Be2 Bd4 16. Bxd4 Rxd4 17. f3 a5 18. Rd1 Rxd1+ 19. Bxd1 a4 20. Nxa4 Nxa4 21.
bxa4 Bxa2 22. Kd2 Kf8 23. Kc3 Ke7 24. Bb3 Bxb3 25. Kxb3 b5 26. axb5 cxb5 27. Rc1
Rd8 28. Rc5 Rd2 29. Rc2 Rxc2 30. Kxc2 Kd6 31. Kc3 Kc5 32. f4 b4+ 33. Kd3 b3 34.
g4 Kb4 35. e5 Ka3 36. f5 b2 37. e6 b1=Q+ 38. Kd4 fxe6 39. fxe6 Qd1+ 40. Ke5 Qxg4
41. e7 Qe2+ 42. Kf6 g5 0-1

[Event "Titled Tue 24th Jun Early"]
[Site "chess.com INT"]
[Date "2025.06.24"]
[Round "4"]
[White "Vinolas Anglada, Laura"]
[Black "Alvarez Leon, Luis"]
[Result "1-0"]
[WhiteTitle "WCM"]
[BlackTitle "FM"]
[WhiteElo "2059"]
[BlackElo "2178"]
[WhiteFideId "24517925"]
[BlackFideId "3600351"]
[EventDate "2025.06.24"]

1. e4 c5 2. Nf3 d6 3. d4 cxd4 4. Nxd4 Nf6 5. Nc3 a6 6. Be2 e5 7. Nb3 Be7 8. O-O
Be6 9. Bf3 Nbd7 10. a4 Rc8 11. a5 O-O 12. Be3 Re8 13. Re1 Qc7 14. h3 h6 15. Nd2
Bf8 16. Nf1 Nc5 17. Ng3 Red8 18. Qd2 Kh7 19. Rec1 g6 20. Nd5 Bxd5 21. exd5 e4
22. Bg4 Nxg4 23. hxg4 Re8 24. b4 Nd7 25. c4 Ne5 26. g5 Ng4 27. Bf4 Bg7 28. Rab1
Qd8 29. gxh6 Bxh6 30. Bxh6 Nxh6 31. Qf4 f5 32. Rb3 g5 33. Qd2 f4 34. Nf1 Qf6 35.
Rh3 Kg7 36. g3 Rg8 37. Kg2 Kf7 38. c5 Nf5 39. Rh7+ Rg7 40. Rxg7+ Qxg7 41. cxd6
f3+ 42. Kg1 Qh6 43. Rxc8 Qh3 44. Ne3 Nh6 45. Rc7+ Kg6 46. Qd4 Nf5 47. Qxe4 g4
48. Qxf5+ 1-0

[Event "Titled Tue 24th Jun Early"]
[Site "chess.com INT"]
[Date "2025.06.24"]
[Round "4"]
[White "Xalmatov, Yakubjon"]
[Black "Aranda, Juan Manuel"]
[Result "0-1"]
[WhiteTitle "CM"]
[BlackTitle "CM"]
[WhiteElo "2096"]
[BlackElo "2134"]
[WhiteFideId "14201615"]
[BlackFideId "160458"]
[EventDate "2025.06.24"]

1. e4 d6 2. d4 g6 3. Nc3 Bg7 4. f4 c5 5. dxc5 Qa5 6. Bd2 Qxc5 7. Nf3 Nf6 8. Bd3
O-O 9. Qe2 Bg4 10. O-O-O Nc6 11. Be3 Qa5 12. Bc4 b5 13. Bb3 b4 14. Nd5 Nxe4 15.
Qc4 Bxf3 16. gxf3 Nc5 17. Rhe1 e6 18. Nxb4 Nxb3+ 19. Qxb3 Nxb4 20. Bd2 Rab8 21.
a3 Nxc2 22. Qxc2 Qb5 23. Bc3 Rfc8 24. Re3 Qc5 25. Rdd3 d5 26. Re2 d4 27. Bxd4
Bxd4 28. Qxc5 Rxc5+ 29. Kb1 Bf6 30. Rd7 Rcb5 31. Rxa7 Rxb2+ 32. Rxb2 Rxb2+ 33.
Kc1 Rxh2 34. a4 h5 35. a5 h4 36. a6 Ra2 37. Kb1 Ra1+ 38. Kc2 h3 0-1

[Event "Titled Tue 24th Jun Early"]
[Site "chess.com INT"]
[Date "2025.06.24"]
[Round "4"]
[White "Babayeva, Nasrin"]
[Black "La Fleur, Zara"]
[Result "1-0"]
[WhiteTitle "WFM"]
[BlackTitle "WCM"]
[WhiteElo "1936"]
[BlackElo "1745"]
[WhiteFideId "13416626"]
[BlackFideId "7703848"]
[EventDate "2025.06.24"]

1. c4 e5 2. g3 Nf6 3. Bg2 d5 4. cxd5 Nxd5 5. Nf3 Nc6 6. O-O Be7 7. d3 O-O 8. a3
Be6 9. b4 a6 10. Bb2 f6 11. Nc3 Nb6 12. Rc1 Qd7 13. Ne4 Rab8 14. Nc5 Bxc5 15.
Rxc5 Nd4 16. Nxd4 exd4 17. Qc1 c6 18. Ba1 Na4 19. Ra5 Nb6 20. Qc5 Rfd8 21. Qxb6
Bh3 22. Bxh3 Qxh3 23. Bxd4 Qg4 24. e3 Qe6 25. Rc1 Rdc8 26. Rac5 Qd6 27. R5c2 Rd8
28. Qc5 Qe6 29. Qc4 Qd5 30. Qxd5+ Rxd5 31. Rc5 Rd6 32. R5c3 Rbd8 33. Kf1 Rd5 34.
Ke2 Rh5 35. h4 Rhd5 36. Bb6 R8d7 37. e4 Re5 38. f4 Re8 39. Kf3 Kf7 40. d4 Rde7
41. e5 fxe5 42. dxe5 g6 43. Rd3 Ke6 44. Rd6+ Kf5 45. Rf6# 1-0

[Event "Titled Tue 24th Jun Early"]
[Site "chess.com INT"]
[Date "2025.06.24"]
[Round "4"]
[White "Sjugirov, Sanan"]
[Black "Ivannikov, Maksim"]
[Result "1-0"]
[WhiteTitle "GM"]
[BlackTitle "CM"]
[WhiteElo "2635"]
[BlackElo "2184"]
[WhiteFideId "4189302"]
[BlackFideId "34275339"]
[EventDate "2025.06.24"]

1. Nf3 Nf6 2. g3 g6 3. Bg2 Bg7 4. O-O O-O 5. d4 d6 6. Re1 Nc6 7. e4 e5 8. Nc3
Bg4 9. dxe5 dxe5 10. Be3 Nd4 11. Bxd4 Bxf3 12. Qxf3 exd4 13. Rad1 c5 14. e5 Nd7
15. Qxb7 Rb8 16. Qxa7 Rxb2 17. Ne4 Rxc2 18. f4 Nb6 19. Nd6 Nc4 20. Nxc4 Rxc4 21.
e6 fxe6 22. Rxe6 d3 23. Re7 Qd4+ 24. Kh1 Kh8 25. Rd7 Ra4 26. Qb7 Qb2 27. Qxb2
Bxb2 28. R1xd3 Rxa2 29. h4 Bd4 30. Rb3 Rb2 31. Ra3 Re8 32. Raa7 Rb1+ 33. Kh2 Rb2
34. Kh3 Rxg2 35. Rxh7+ Kg8 36. Kxg2 c4 37. Rac7 c3 38. Rhd7 Re2+ 39. Kf3 Rf2+
40. Kg4 Bf6 41. Rc8+ Bd8 42. Rcxd8# 1-0

[Event "Titled Tue 24th Jun Early"]
[Site "chess.com INT"]
[Date "2025.06.24"]
[Round "4"]
[White "Bakalchuk, Johnatan"]
[Black "Mata Gonzalez, Jose Fernando"]
[Result "1-0"]
[WhiteTitle "IM"]
[BlackTitle "CM"]
[WhiteElo "2438"]
[BlackElo "2164"]
[WhiteFideId "2810301"]
[BlackFideId "5107423"]
[EventDate "2025.06.24"]

1. d4 Nf6 2. Nc3 g6 3. e4 d6 4. Bf4 Bg7 5. Qd2 h5 6. O-O-O c6 7. f3 Qa5 8. Kb1
Be6 9. Nh3 Na6 10. Ng5 O-O-O 11. Nxe6 fxe6 12. a3 e5 13. Be3 exd4 14. Bxd4 e5
15. Bxa7 Nc5 16. Bxc5 Qxc5 17. Bd3 Bh6 18. Qe1 Rhe8 19. h4 Bf4 20. g3 Be3 21.
Na2 Bf2 22. Qd2 Be3 23. Qe2 Qb6 24. c3 d5 25. exd5 Nxd5 26. Bxg6 Rg8 27. Bxh5
Rxg3 28. Bg4+ Kb8 29. c4 Nf4 30. Rxd8+ Ka7 31. Qd1 Rg2 32. Qa4+ Qa6 33. Qxa6+
Kxa6 34. h5 Ne2 35. h6 Bxh6 36. Rxh6 Rg1+ 37. Kc2 Nd4+ 38. Rxd4 exd4 39. Rh2 Kb6
40. b4 c5 41. Rh6+ Kc7 42. bxc5 Rg2+ 43. Kb3 d3 44. Nc3 d2 45. Nb5+ Kd8 46. Rd6+
Ke7 47. Kc2 b6 48. Rxd2 Rg3 49. cxb6 Kf6 50. b7 Rg1 51. b8=Q Kg5 52. Qe5+ Kg6
53. Qf5+ Kg7 54. Rd7+ Kh8 55. Qh7# 1-0

[Event "Titled Tue 24th Jun Early"]
[Site "chess.com INT"]
[Date "2025.06.24"]
[Round "4"]
[White "Asish Panda"]
[Black "Emeliantsev, Anatoliy"]
[Result "1-0"]
[BlackTitle "FM"]
[WhiteElo "1911"]
[BlackElo "2359"]
[WhiteFideId "45012458"]
[BlackFideId "4160681"]
[EventDate "2025.06.24"]

1. e4 c5 2. Nf3 Nc6 3. Bb5 e6 4. O-O Nge7 5. c3 a6 6. Ba4 b5 7. Bc2 Bb7 8. d4
cxd4 9. cxd4 Nb4 10. a3 Nxc2 11. Qxc2 Rc8 12. Qe2 f5 13. Nc3 Rxc3 14. bxc3 Bxe4
15. Ng5 Bd5 16. Re1 Ng6 17. Qh5 Be7 18. Nxh7 Kf7 19. Ng5+ Bxg5 20. Qxg5 Qc7 21.
Qg3 f4 22. Qd3 Nh4 23. f3 g5 24. Re5 Qd8 25. Bd2 Qf6 26. Rae1 Ng6 27. R5e2 g4
28. fxg4 Qh4 29. h3 f3 30. Rf2 Kg7 31. Ref1 fxg2 32. Rf7+ Kg8 33. Qxg6# 1-0

[Event "Titled Tue 24th Jun Early"]
[Site "chess.com INT"]
[Date "2025.06.24"]
[Round "4"]
[White "Pham, Le Thao Nguyen"]
[Black "Berg, Vadim Daskevich"]
[Result "1-0"]
[WhiteTitle "IM"]
[BlackTitle "IM"]
[WhiteElo "2357"]
[BlackElo "2445"]
[WhiteFideId "12401226"]
[BlackFideId "11601965"]
[EventDate "2025.06.24"]

1. Nf3 Nf6 2. c4 e6 3. Nc3 d5 4. d4 Bb4 5. Bg5 Nbd7 6. cxd5 exd5 7. a3 Bxc3+ 8.
bxc3 h6 9. Bxf6 Nxf6 10. e3 O-O 11. Bd3 c5 12. O-O Re8 13. Qb1 b6 14. Rc1 Ne4
15. c4 Bb7 16. cxd5 Bxd5 17. dxc5 Nxc5 18. Bf1 Nb3 19. Rd1 Nxa1 20. Qxa1 Re6 21.
Nd4 Rg6 22. Nf5 Qd7 23. Rxd5 Qe6 24. Qd4 Kh7 25. h4 Rc8 26. h5 Rg5 27. e4 Rc1
28. Ng3 Rg4 29. Qd3 g6 30. hxg6+ Rxg6 31. Rd7 Kg7 32. Qd4+ Kh7 33. Qd5 Qxd5 34.
exd5 Kg7 35. Rxa7 Rd6 36. Nf5+ Kf6 37. Nxd6 Ke5 38. Nb5 Kxd5 39. Rxf7 Rb1 40.
Rf6 Kc5 41. Rxh6 Rb2 42. Rh5+ Kc6 43. Rh3 Rb1 44. Re3 Ra1 45. g4 Kd5 46. Kg2 Rc1
47. Be2 Rc8 48. f4 Rg8 49. g5 Kc5 50. Kg3 Rg7 51. Kg4 1-0

[Event "Titled Tue 24th Jun Early"]
[Site "chess.com INT"]
[Date "2025.06.24"]
[Round "4"]
[White "Marin Posada, Sebastian"]
[Black "Jasinski, Alexander"]
[Result "0-1"]
[WhiteTitle "FM"]
[WhiteElo "2246"]
[BlackElo "1989"]
[WhiteFideId "4402782"]
[BlackFideId "55627994"]
[EventDate "2025.06.24"]

1. e4 c5 2. Nf3 d6 3. d4 cxd4 4. Nxd4 Nf6 5. Nc3 Nc6 6. Bg5 e6 7. Qd2 a6 8.
O-O-O Bd7 9. f4 Be7 10. Kb1 Nxd4 11. Qxd4 Bc6 12. Bc4 Qa5 13. e5 dxe5 14. fxe5
Nd7 15. Bxe7 Kxe7 16. Qd6+ Ke8 17. Bxe6 fxe6 18. Qxe6+ Kd8 19. Qd6 Qc7 20. Qd4
Re8 21. Rhe1 Kc8 22. e6 Nf6 23. g4 h6 24. h4 b6 25. g5 hxg5 26. hxg5 Ng8 27. Nd5
Bxd5 28. Qxd5 Kb8 29. e7 Nxe7 30. Qf7 Ka7 31. Qxg7 Rac8 32. Rd2 Ka8 33. Red1 Nc6
34. Rd7 Qe5 35. Qxe5 Nxe5 36. R7d6 Kb7 37. b3 Rg8 38. Rf6 Rxg5 39. Re6 Rc7 40.
Red6 Nc6 41. Re6 Rc5 0-1

[Event "Titled Tue 24th Jun Early"]
[Site "chess.com INT"]
[Date "2025.06.24"]
[Round "4"]
[White "Matyassy, Lazar"]
[Black "Sayce, Hannah"]
[Result "1-0"]
[WhiteTitle "FM"]
[BlackTitle "WCM"]
[WhiteElo "2251"]
[BlackElo "1877"]
[WhiteFideId "17005167"]
[BlackFideId "3250695"]
[EventDate "2025.06.24"]

1. h3 e5 2. a3 Nf6 3. c4 d5 4. cxd5 Nxd5 5. Nf3 Nc6 6. e4 Nf6 7. Nc3 h6 8. Bb5
Bd7 9. Bxc6 Bxc6 10. Nxe5 Bd7 11. O-O Be7 12. d4 c6 13. d5 Bd6 14. Nc4 Bc5 15.
b4 Bf8 16. Bb2 Qc7 17. d6 Qc8 18. e5 Nh7 19. Ne4 Be6 20. Nc5 Bd7 21. Re1 Ng5 22.
f4 Ne6 23. f5 Nxc5 24. bxc5 Bxf5 25. e6 Bxe6 26. Qd3 Qd7 27. Ne5 O-O-O 28. Nxd7
Rxd7 29. Rxe6 fxe6 30. Qg6 b6 31. Qe8+ Rd8 32. Qxe6+ Kb7 33. Qf7+ Ka6 34. Qc4+
Kb7 35. Bd4 Rh7 36. a4 g5 37. a5 b5 38. a6+ Kb8 39. Qe6 Rhd7 40. Bf6 Bxd6 41.
cxd6 Rxd6 42. Be5 Kc7 43. Qe7+ Rd7 44. Bxd6+ 1-0

[Event "Titled Tue 24th Jun Early"]
[Site "chess.com INT"]
[Date "2025.06.24"]
[Round "4"]
[White "Arya G Mallar"]
[Black "Lissillour, Baptiste"]
[Result "0-1"]
[WhiteTitle "WCM"]
[BlackTitle "FM"]
[WhiteElo "2000"]
[BlackElo "2312"]
[WhiteFideId "25115324"]
[BlackFideId "45179620"]
[EventDate "2025.06.24"]

1. c4 Nf6 2. Nc3 e6 3. e4 d5 4. e5 d4 5. exf6 dxc3 6. bxc3 Qxf6 7. d4 b6 8. Nf3
h6 9. Bd3 Bb7 10. Be2 Nd7 11. O-O Bd6 12. Rb1 c5 13. Be3 Qe7 14. d5 O-O 15. Qd2
Nf6 16. h3 exd5 17. cxd5 Nxd5 18. Rfd1 Rad8 19. Qc1 Nxe3 20. Qxe3 Qxe3 21. fxe3
Bg3 22. a4 Rfe8 23. a5 Rxd1+ 24. Rxd1 Rxe3 25. Rd8+ Kh7 26. Bd3+ Be4 27. Bxe4+
Rxe4 28. Rd7 Ra4 29. Kf1 Rxa5 30. Rxf7 Ra2 31. Rb7 Rf2+ 32. Kg1 Rb2 33. Kf1 a5
34. Ra7 Rf2+ 35. Kg1 Ra2 36. Kf1 b5 37. Rb7 b4 38. cxb4 cxb4 39. Nd4 Rb2 40. Nf5
Rf2+ 0-1